Allah sonunu hayretsin (Record no. 9857)

MARC details
000 -BAŞLIK
Sabit Uzunlukta Kontrol Alanı 00772na a2200241 4500
001 - KONTROL NUMARASI
Denetim Alanı 23602
003 - KONTROL NUMARASI IDENTIFIER
Denetim Alanı MIRAKIL
005 - SON İŞLEM TARİHİ VE ZAMANI
Denetim Alanı 20181213155258.0
008 - SABİT-BOY VERİ ELEMANLARI - GENEL BİLGİLER
Sabit Uzunlukta Kontrol Alanı 180110b tu 000 0
040 ## - KATALOGLAMA KAYNAK
Orijinal Kataloglama Ajansı Milas
Kataloglama Dili tur
Metne Dönüştürmek Ajansı TR-AnCHP
041 ## - DİL KODU
Metin / Ses Parça Veya Ayrı Başlığın Dil Kodu tur
082 ## - DEWEY ONLU SINIFLANDIRMA NUMARASI
Sınıflandırma Numarası 818.42
Ürün Numarası D32a 2015
090 ## - SINIFLAMA NUMARASI
Sınıflama Numarası 818.42 D32a 2015
100 ## - ANA GİRİŞ - KİŞİSEL İSİM
Kişisel Ad Dede, İzzet
245 ## - BAŞLIK TABLOSU
Başlık Allah sonunu hayretsin
Başlığın Kalan Tarihi öyküler, yaşanmış öyküler ve masallar
Sorumluluk Tablosu, Vb İzzet Dede
246 ## - UNVAN FORM VARYING
Başlık Doğru / Kısa Başlığı Tarihi öyküler, yaşanmış öyküler ve masallar
260 ## - YAYIN, DAĞITIM, VB
Yayın, Dağıtım, Vb Yeri [y.y.]
Yayıncı, Dağıtıcı, Vs Adı [yayl.y.]
Yayın, Dağıtım, Vb Tarihi 2015
300 ## - FİZİKSEL TANIM
Kapsam 142 s.
Diğer Fiziksel Ayrıntıları fotğ.
Boyutlar 20 sm.
500 ## - GENEL NOT
Genel Not Yapıt yazarından imzalıdır.
650 ## - KONU KATMA GİRİŞ - TOPİKAL DÖNEM
Topikal Süreli Veya Coğrafi Ad Giriş Elemanı Türk edebiyatı
Genel Alt Bölümü Değişik yazılar
740 ## - KATMA GİRİŞ - KONTROLSUZ İLGİLİ / ANALİTİK BAŞLIK
Kontrol Edilmeyen / İlgili Analitik Başlıktaki Tarihi öyküler, yaşanmış öyküler ve masallar
942 ## - EKLENDİ GİRİŞ ELEMANLARI (KOHA)
Sınıflandırma Veya Raf Düzeni Kaynak Dewey Decimal Classification
Koha Öğesi Türü Books
999 ## - SİSTEM KONTROL NUMARALARI (KOHA)
Koha Biblionumber 9857
Koha Biblioitemnumber 9857
Holdings
Kalıcı Konum Mevcut Konum Edinme Tarihi Edinim Kaynak Toplam Check-Out'Lar Tam Çağrı Numarası Barkod Tarih Son Görülme İtibaren Geçerli Fiyatlar Koha Öğesi Türü
CHP Kütüphanesi CHP Kütüphanesi 11/06/2017 Bağış   818.42 D32a 2015 017586 11/06/2017 11/06/2017 Books